00529nam a22001937a 450000500170000001000120001702000290002903700160005808200060007410000240008024500650010425000060016926000260017527000510020130000200025270000240027294200200029699900190031620260303110007.0 aBACEN26 a9789365473285c495.00.00 bBluOne Ink  aS aShome Debraj988034 aDoctors are not Murderers/cby Debraj Shome {and} Aarti Heda a1 aUPbBluOne Ink c2025 aA-76, 2nd floor, Sector 136, NoidabUPe201301 a247p.c22cm(pb) aHeda ,Aarti 988035 2ddccENhSmSHO c215116d215116